00360nam a2200133 a 45000010010000000030011000100080041000210350026000620820014000881000019001022450039001212600052001606500014002120000-8701ELIB.Books110520 2005  a(ELIB.Books)0000-8847 a251 bCra aCrabtree, T.T. aThe Zondervan 2005 Pastor's Annual bGrand Rapids: Zondervan Publishing House c2005 aPreaching